000 00670nam a22002177a 4500
999 _c159665
_d159665
005 20181227173636.0
006 a|||||f|||| 00| 0
007 tc
008 180720b xxu||||| |||| 00| 0 eng d
010 _aB-218241-B-218244
020 _c25.00(per set)
035 _aB-218241
037 _bA.I.C.B.
082 _aS
245 _aThe Best Thirteen
260 _aDelhi
_bA.C.I.B.
_cN.D.
270 _aSector-5, Rohini,
_bNew Delhi
_e110085
300 _a2V.,various pages.
_c30cm(HB).
942 _2ddc
_cBRLEN
_hS
_mBES